Establishment of vegie ice cream house barangay Quisao Pililla Rizal / (Record no. 8797)
[ view plain ]
| 000 -LEADER | |
|---|---|
| fixed length control field | 01175nam a22002657i 4500 |
| 003 - CONTROL NUMBER IDENTIFIER | |
| control field | URS |
| 005 - DATE AND TIME OF LATEST TRANSACTION | |
| control field | 20250324231443.0 |
| 008 - FIXED-LENGTH DATA ELEMENTS--GENERAL INFORMATION | |
| fixed length control field | 190130b ||||| |||| 00| 0 eng d |
| 040 ## - CATALOGING SOURCE | |
| Language of cataloging | eng |
| Description conventions | rda |
| Transcribing agency | URS Pililla Library |
| 082 ## - DEWEY DECIMAL CLASSIFICATION NUMBER | |
| Item number | FS BSBA MM75 2014 |
| 100 1# - MAIN ENTRY--PERSONAL NAME | |
| Personal name | Buan, Janine Arianne B. |
| Relator term | researcher |
| 245 10 - TITLE STATEMENT | |
| Title | Establishment of vegie ice cream house barangay Quisao Pililla Rizal / |
| Statement of responsibility, etc. | Janine Arianne B. Buan, Cindy Valerie Joy N. Paz and Joval N. Paz |
| 300 ## - PHYSICAL DESCRIPTION | |
| Extent | xvii, 92 leaves; |
| Dimensions | 28 cm. |
| 336 ## - CONTENT TYPE | |
| Content type term | text |
| Content type code | txt |
| Source | rdacontent |
| 337 ## - MEDIA TYPE | |
| Media type term | unmediated |
| Media type code | n |
| Source | rdamedia |
| 338 ## - CARRIER TYPE | |
| Carrier type term | volume |
| Carrier type code | nc |
| Source | rdacarrier |
| 502 ## - DISSERTATION NOTE | |
| Dissertation note | Undergraduate Feasibility Study |
| Degree type | Bachelor of Science in Business Administration Major in Marketing Management |
| Name of granting institution | University of Rizal System Pililla |
| Year degree granted | 2014 |
| 504 ## - BIBLIOGRAPHY, ETC. NOTE | |
| Bibliography, etc. note | Includes bibliography and appendices |
| 700 1# - ADDED ENTRY--PERSONAL NAME | |
| Personal name | Anievas, Aries B. |
| Relator term | adviser |
| 700 1# - ADDED ENTRY--PERSONAL NAME | |
| Personal name | Paz, Cindy Valerie Joy N. |
| Relator term | researcher |
| 700 1# - ADDED ENTRY--PERSONAL NAME | |
| Personal name | Paz, Joval N. |
| Relator term | researcher |
| 856 ## - ELECTRONIC LOCATION AND ACCESS | |
| Materials specified | Online Request for Student Unpublished Works |
| Uniform Resource Identifier | <a href="https://forms.gle/7LqvGGkaDrUQqz429">https://forms.gle/7LqvGGkaDrUQqz429</a> |
| 856 ## - ELECTRONIC LOCATION AND ACCESS | |
| Uniform Resource Identifier | <a href="https://drive.google.com/file/d/1cfwMEzw0E5LsRMZdJaOcMuFFo3YxoR3C/view?usp=sharing">https://drive.google.com/file/d/1cfwMEzw0E5LsRMZdJaOcMuFFo3YxoR3C/view?usp=sharing</a> |
| 942 ## - ADDED ENTRY ELEMENTS (KOHA) | |
| Source of classification or shelving scheme | Dewey Decimal Classification |
| Koha item type | Theses and dissertations |
| Withdrawn status | Source of classification or shelving scheme | Damaged status | Not for loan | Home library | Current library | Shelving location | Date acquired | Total Checkouts | Full call number | Barcode | Date last seen | Copy number | Price effective from | Koha item type |
|---|---|---|---|---|---|---|---|---|---|---|---|---|---|---|
| Dewey Decimal Classification | Not For Loan | Pililla College Library | Pililla College Library | General Stacks | 02/12/2019 | FS BSBA MM51 2014 | FS BSBA MM51 2014 | 02/12/2019 | 1 | 02/12/2019 | Theses and dissertations | |||
| Dewey Decimal Classification | Not For Loan | Pililla College Library | Pililla College Library | General Stacks | 01/30/2019 | FS BSBA MM75 2014 | FS BSBA MM75 2014 | 01/30/2019 | 2 | 01/30/2019 | Theses and dissertations |